| 000 | 00335 a2200109 4500 | ||
|---|---|---|---|
| 001 | ART_41717 | ||
| 005 | 20260410161805.0 | ||
| 008 | 260409a | ||
| 245 | 1 | 0 | _aReforma del impuesto a las ganancias 2013 |
| 100 | 1 | _aCerchiara, Claudia M. | |
| 773 | 0 |
_tDoctrina Societaria y Concursal _g- NÂș 312 (nov. 2013) _wREV4298 |
|
| 999 |
_c20956 _d20956 |
||